| 000 | 00466nam a2200169 i 4500 | ||
|---|---|---|---|
| 001 | 98350 | ||
| 003 | ES-MaACL | ||
| 005 | 20231209062944.0 | ||
| 007 | t| | ||
| 008 | 050728s1959 fr ||||1| fre d | ||
| 100 | 1 |
_aMartin, Claude _977277 |
|
| 245 | 1 | 0 |
_aFranco, soldat et chef d'etat / _cClaude Martin. |
| 260 |
_aParis : _bQuatre Fils Aymon, _c1959. |
||
| 300 |
_a471 p. ; _c22 cm. |
||
| 852 |
_aES-MaACL _jC-22975 _bR.45706 |
||
| 999 |
_c98350 _d98350 |
||